Most searched for 'how to...' Quiz Stats

 Plays Quiz not verified by Sporcle

Challenge
Share
Tweet
Embed
Score 0/10 Timer 10:00
0 Plays Today
Hint Answer % Correct
artDraw
100%
musicSing
60%
relationshipKiss
20%
danceTwerk
20%
lifeMeditate
0%
materialCrochet
0%
computerScreenshot
0%
languagePronounce
0%
materialKnit
0%
lifeDream
0%

You're not logged in!

Compare scores with friends on all Sporcle quizzes.
Join for Free
OR
Log In

You Might Also Like...

Show Comments

Extras

Created Jun 4, 2015ReportNominate
Tags:google

Top Quizzes Today


Score Distribution

Your Account Isn't Verified!

In order to create a playlist on Sporcle, you need to verify the email address you used during registration. Go to your Sporcle Settings to finish the process.

Report this User

Report this user for behavior that violates our Community Guidelines.

Details: